<?xml version="1.0" encoding="UTF-8"?><?xml-stylesheet type="text/xsl" href="static/style.xsl"?><OAI-PMH xmlns="http://www.openarchives.org/OAI/2.0/" xmlns:xsi="http://www.w3.org/2001/XMLSchema-instance" xsi:schemaLocation="http://www.openarchives.org/OAI/2.0/ http://www.openarchives.org/OAI/2.0/OAI-PMH.xsd"><responseDate>2026-04-13T04:18:02Z</responseDate><request verb="GetRecord" identifier="oai:www.recercat.cat:11351/13083" metadataPrefix="marc">https://recercat.cat/oai/request</request><GetRecord><record><header><identifier>oai:recercat.cat:11351/13083</identifier><datestamp>2025-10-24T10:25:00Z</datestamp><setSpec>com_2072_451665</setSpec><setSpec>com_2072_378040</setSpec><setSpec>com_2072_378070</setSpec><setSpec>col_2072_451666</setSpec><setSpec>col_2072_378092</setSpec></header><metadata><record xmlns="http://www.loc.gov/MARC21/slim" xmlns:dcterms="http://purl.org/dc/terms/" xmlns:xsi="http://www.w3.org/2001/XMLSchema-instance" xmlns:doc="http://www.lyncode.com/xoai" xsi:schemaLocation="http://www.loc.gov/MARC21/slim http://www.loc.gov/standards/marcxml/schema/MARC21slim.xsd">
   <leader>00925njm 22002777a 4500</leader>
   <datafield ind2=" " ind1=" " tag="042">
      <subfield code="a">dc</subfield>
   </datafield>
   <datafield ind2=" " ind1=" " tag="720">
      <subfield code="a">Cobo-Ibáñez, Tatiana</subfield>
      <subfield code="e">author</subfield>
   </datafield>
   <datafield ind2=" " ind1=" " tag="720">
      <subfield code="a">Castellvi, Ivan</subfield>
      <subfield code="e">author</subfield>
   </datafield>
   <datafield ind2=" " ind1=" " tag="720">
      <subfield code="a">Pros, Ana</subfield>
      <subfield code="e">author</subfield>
   </datafield>
   <datafield ind2=" " ind1=" " tag="720">
      <subfield code="a">Domínguez, Marta</subfield>
      <subfield code="e">author</subfield>
   </datafield>
   <datafield ind2=" " ind1=" " tag="720">
      <subfield code="a">Nuño-Nuño, Laura</subfield>
      <subfield code="e">author</subfield>
   </datafield>
   <datafield ind2=" " ind1=" " tag="720">
      <subfield code="a">Martínez-Barrio, Julia</subfield>
      <subfield code="e">author</subfield>
   </datafield>
   <datafield ind2=" " ind1=" " tag="720">
      <subfield code="a">ORTIZ-SANTAMARIA, VERA</subfield>
      <subfield code="e">author</subfield>
   </datafield>
   <datafield ind2=" " ind1=" " tag="260">
      <subfield code="c">2025-05-14T08:47:46Z</subfield>
   </datafield>
   <datafield ind2=" " ind1=" " tag="260">
      <subfield code="c">2025-05-14T08:47:46Z</subfield>
   </datafield>
   <datafield ind2=" " ind1=" " tag="260">
      <subfield code="c">2025-01-08</subfield>
   </datafield>
   <datafield ind2=" " ind1=" " tag="520">
      <subfield code="a">Idiopathic inflammatory myopathies; Autoantibodies; Antisynthetase</subfield>
   </datafield>
   <datafield ind2=" " ind1=" " tag="520">
      <subfield code="a">Miopatías inflamatorias idiopáticas; Autoanticuerpos; Antisintetasa</subfield>
   </datafield>
   <datafield ind2=" " ind1=" " tag="520">
      <subfield code="a">Miopaties inflamatòries idiopàtiques; Autoanticossos; Antisintetasa</subfield>
   </datafield>
   <datafield ind2=" " ind1=" " tag="520">
      <subfield code="a">Objective: To evaluate the main outcomes of disease activity and their association with other measures of activity, damage, and quality of life in patients with idiopathic inflammatory myopathy (IIM) according to time since diagnosis and positivity to antisynthetase autoantibodies (ASAs). &#xd;
Methods: Cross-sectional multicenter study within the Spanish Myo-Spain registry. Cases were classified as incident (≤ 12 months since diagnosis) and prevalent. The main outcomes of disease activity were the Myositis Disease Activity Assessment visual analogue scale (MYOACT), the Manual Muscle Test 8 (MMT-8), physician global activity (PhGA), and extramuscular activity. Other measures of activity, damage, and quality of life included patient global disease activity, MYOACT muscular, creatine phosphokinase, Health Assessment Questionnaire, physician and patient global damage, global damage of the Myositis Damage Index, and the 12-item Short-Form Health Survey (SF-12). We analyzed associations using a multivariate generalized linear model and a simple linear regression model. &#xd;
Results: A total of 554 patients with different diagnostic subgroups of IIM were included (136 incident and 418 prevalent cases), with 215 ASA-positive patients (58 incident and 157 prevalent cases). All measures of disease activity were higher in the incident cases (p &lt; 0.05), except for MYOACT muscular and creatine phosphokinase, for which no differences were recorded in ASA-positive patients. No differences were found between incident and prevalent cases for measures of damage. Values for the physical component of the SF-12 were higher in the prevalent cases (p &lt; 0.05). The multivariate model was initially significant overall for the main activity outcomes. Positivity to ASAs was positively and negatively associated with the MYOACT index and MMT-8, respectively (p &lt; 0.05), although no association was recorded with PhGA and extramuscular activity. Prevalent cases were negatively associated with the main outcomes of activity, except with MMT-8, for which the association was positive (p &lt; 0.05).&#xd;
Conclusions: The main activity outcomes validated in polymyositis and dermatomyositis could also be used in other subtypes of IIM, such as antisynthetase syndrome. Recent diagnosis is associated with greater disease activity, as assessed based on these activity outcomes. PhGA and extramuscular activity are not modified by ASA positivity, thus supporting their preferred use for assessing treatment response in IIM with ASAs.</subfield>
   </datafield>
   <datafield ind2=" " ind1=" " tag="520">
      <subfield code="a">Myo-Spain is supported by Kern Pharma, Nordic Pharma, Sandoz, and BMS. These companies had no role in study design, data collection, data analysis, data interpretation, or the writing of this manuscript.</subfield>
   </datafield>
   <datafield ind1="8" ind2=" " tag="024">
      <subfield code="a">http://hdl.handle.net/11351/13083</subfield>
   </datafield>
   <datafield tag="653" ind2=" " ind1=" ">
      <subfield code="a">Músculs - Malalties</subfield>
   </datafield>
   <datafield tag="653" ind2=" " ind1=" ">
      <subfield code="a">Autoanticossos</subfield>
   </datafield>
   <datafield tag="653" ind2=" " ind1=" ">
      <subfield code="a">Registres</subfield>
   </datafield>
   <datafield tag="653" ind2=" " ind1=" ">
      <subfield code="a">DISEASES::Musculoskeletal Diseases::Muscular Diseases::Myositis</subfield>
   </datafield>
   <datafield tag="653" ind2=" " ind1=" ">
      <subfield code="a">CHEMICALS AND DRUGS::Amino Acids, Peptides, and Proteins::Proteins::Blood Proteins::Immunoproteins::Immunoglobulins::Antibodies::Autoantibodies</subfield>
   </datafield>
   <datafield tag="653" ind2=" " ind1=" ">
      <subfield code="a">ANALYTICAL, DIAGNOSTIC AND THERAPEUTIC TECHNIQUES, AND EQUIPMENT::Diagnosis</subfield>
   </datafield>
   <datafield tag="653" ind2=" " ind1=" ">
      <subfield code="a">ENFERMEDADES::enfermedades musculoesqueléticas::enfermedades musculares::miositis</subfield>
   </datafield>
   <datafield tag="653" ind2=" " ind1=" ">
      <subfield code="a">COMPUESTOS QUÍMICOS Y DROGAS::aminoácidos, péptidos y proteínas::proteínas::proteínas sanguíneas::inmunoproteínas::inmunoglobulinas::anticuerpos::autoanticuerpos</subfield>
   </datafield>
   <datafield tag="653" ind2=" " ind1=" ">
      <subfield code="a">TÉCNICAS Y EQUIPOS ANALÍTICOS, DIAGNÓSTICOS Y TERAPÉUTICOS::diagnóstico</subfield>
   </datafield>
   <datafield ind2="0" ind1="0" tag="245">
      <subfield code="a">Disease activity in patients with idiopathic inflammatory myopathy according to time since diagnosis and positivity to antisynthetase autoantibodies: data from the Myo-Spain registry</subfield>
   </datafield>
</record></metadata></record></GetRecord></OAI-PMH>